000 00660nam a2200193Ii 4500
003 JO-AjNU
008 230605s9999||||xx |||||||||||||| ||und||
040 _aJO-AjNU
_bara
_erda
_cJO-AjNU
041 _aara
050 1 4 _aHG174 .D3722 1981
100 3 _a درويش ، أحمد عبد الله ,
_eauthor
_98211
245 0 0 _aمبادىء الرياضة المالية
264 3 1 _aعمان: د.ن، 1981
300 _a200ص
_bيحتوي على ببلوغرافية وجداول
336 _atext
_btxt
_2rdacontent
337 _aunmediated
_bn
_2rdamedia
338 _avolume
_bnc
_2rdacarrier
650 4 _aرياضيات تجارية و مالية 
_98212
999 _aA673
_c4241
_d4241